000 00279nam a2200121Ia 4500
008 190216s9999||||xx |||||||||||||| ||und||
100 _aVarga Y
245 0 _aPolitico Economic Problems Of Capitalism
260 _bNull
_c1968
300 _a350
650 _aEconomics
942 _cBK
999 _c9158
_d9158